Chemistry for Green Environment
Salvato in:
| Autore principale: | |
|---|---|
| Altri autori: | |
| Natura: | Libro |
| Lingua: | inglese |
| Pubblicazione: |
New Delhi
Narosa Publishing House
2005
|
| Soggetti: | |
| Accesso online: | Visualizza in OPAC |
| Tags: |
Nessun Tag, puoi essere il primo ad aggiungerne!!
|
MARC
| LEADER | 00000nam a2200000 a 4500 | ||
|---|---|---|---|
| 005 | 20260127134149.0 | ||
| 008 | 071003 2005 ii 000 0 eng d | ||
| 020 | |a 8173196206 | ||
| 035 | |a vtls009146018 | ||
| 039 | 9 | |y 200710031407 |z mschk02 | |
| 040 | |a STUSCHK1 |b slo |c STUSCHK1 |e AACR2 | ||
| 080 | |a 660./281 | ||
| 100 | 1 | |a Srivastava, M.M. | |
| 245 | 1 | |a Chemistry for Green Environment | |
| 260 | |a New Delhi |b Narosa Publishing House |c 2005 | ||
| 300 | |a xx, 362 p. |b ill. |c 25 cm | ||
| 650 | 0 | |a Chemistry Environment | |
| 650 | 0 | |a Green Environment | |
| 700 | 1 | |a Sanghi, Rashmi | |
| 910 | |a SCHK95 | ||
| 919 | |a 81-7319-620-6 | ||
| 999 | |c 5576 |d 5576 | ||